<?xml version="1.0" encoding="UTF-8"?>
<record
    xmlns:xsi="http://www.w3.org/2001/XMLSchema-instance"
    xsi:schemaLocation="http://www.loc.gov/MARC21/slim http://www.loc.gov/standards/marcxml/schema/MARC21slim.xsd"
    xmlns="http://www.loc.gov/MARC21/slim">

  <leader>00361nam a22001457a 4500</leader>
  <datafield tag="999" ind1=" " ind2=" ">
    <subfield code="c">9161</subfield>
    <subfield code="d">9161</subfield>
  </datafield>
  <controlfield tag="003">OSt</controlfield>
  <controlfield tag="008">201118b           ||||| |||| 00| 0 eng d</controlfield>
  <datafield tag="100" ind1=" " ind2=" ">
    <subfield code="a">Corter, Ronald, Mcracjohn</subfield>
  </datafield>
  <datafield tag="245" ind1=" " ind2=" ">
    <subfield code="a">Routledge History of Literature in English</subfield>
  </datafield>
  <datafield tag="250" ind1=" " ind2=" ">
    <subfield code="a">3rd</subfield>
  </datafield>
  <datafield tag="260" ind1=" " ind2=" ">
    <subfield code="a">N.D</subfield>
    <subfield code="b">Routledge</subfield>
    <subfield code="c">2020</subfield>
  </datafield>
  <datafield tag="300" ind1=" " ind2=" ">
    <subfield code="a">605</subfield>
  </datafield>
  <datafield tag="650" ind1=" " ind2=" ">
    <subfield code="a">B.A.Hons English</subfield>
  </datafield>
  <datafield tag="942" ind1=" " ind2=" ">
    <subfield code="2">ddc</subfield>
    <subfield code="c">BK</subfield>
    <subfield code="0">20</subfield>
  </datafield>
  <datafield tag="952" ind1=" " ind2=" ">
    <subfield code="0">0</subfield>
    <subfield code="1">0</subfield>
    <subfield code="2">ddc</subfield>
    <subfield code="4">0</subfield>
    <subfield code="7">0</subfield>
    <subfield code="8">BAHONSENG</subfield>
    <subfield code="a">PIETNCR</subfield>
    <subfield code="b">PIETNCR</subfield>
    <subfield code="d">2020-11-18</subfield>
    <subfield code="e">Kirti Prakasan</subfield>
    <subfield code="f">Indian Rup</subfield>
    <subfield code="g">795.00</subfield>
    <subfield code="k">IN258</subfield>
    <subfield code="l">0</subfield>
    <subfield code="p">N259</subfield>
    <subfield code="r">2020-11-18 00:00:00</subfield>
    <subfield code="v">596.25</subfield>
    <subfield code="w">2020-11-18</subfield>
    <subfield code="y">REF</subfield>
  </datafield>
  <datafield tag="952" ind1=" " ind2=" ">
    <subfield code="0">0</subfield>
    <subfield code="1">0</subfield>
    <subfield code="2">ddc</subfield>
    <subfield code="4">0</subfield>
    <subfield code="7">0</subfield>
    <subfield code="8">BAHONSENG</subfield>
    <subfield code="a">PIETNCR</subfield>
    <subfield code="b">PIETNCR</subfield>
    <subfield code="d">2020-11-18</subfield>
    <subfield code="e">Kirti Prakasan</subfield>
    <subfield code="f">Indian Rup</subfield>
    <subfield code="g">795.00</subfield>
    <subfield code="k">IN258</subfield>
    <subfield code="l">15</subfield>
    <subfield code="p">N260</subfield>
    <subfield code="r">2024-08-16 00:00:00</subfield>
    <subfield code="s">2024-08-01</subfield>
    <subfield code="v">596.25</subfield>
    <subfield code="w">2020-11-18</subfield>
    <subfield code="y">BK</subfield>
  </datafield>
  <datafield tag="952" ind1=" " ind2=" ">
    <subfield code="0">0</subfield>
    <subfield code="1">0</subfield>
    <subfield code="2">ddc</subfield>
    <subfield code="4">0</subfield>
    <subfield code="7">0</subfield>
    <subfield code="8">BAHONSENG</subfield>
    <subfield code="a">PIETNCR</subfield>
    <subfield code="b">PIETNCR</subfield>
    <subfield code="d">2020-11-18</subfield>
    <subfield code="e">Kirti Prakasan</subfield>
    <subfield code="f">Indian Rup</subfield>
    <subfield code="g">795.00</subfield>
    <subfield code="k">IN258</subfield>
    <subfield code="l">11</subfield>
    <subfield code="p">N261</subfield>
    <subfield code="r">2025-03-18 00:00:00</subfield>
    <subfield code="s">2025-02-20</subfield>
    <subfield code="v">596.25</subfield>
    <subfield code="w">2020-11-18</subfield>
    <subfield code="y">BK</subfield>
  </datafield>
  <datafield tag="952" ind1=" " ind2=" ">
    <subfield code="0">0</subfield>
    <subfield code="1">0</subfield>
    <subfield code="2">ddc</subfield>
    <subfield code="4">0</subfield>
    <subfield code="7">0</subfield>
    <subfield code="8">BAHONSENG</subfield>
    <subfield code="a">PIETNCR</subfield>
    <subfield code="b">PIETNCR</subfield>
    <subfield code="d">2020-11-18</subfield>
    <subfield code="e">Kirti Prakasan</subfield>
    <subfield code="f">Indian Rup</subfield>
    <subfield code="g">795.00</subfield>
    <subfield code="k">IN258</subfield>
    <subfield code="l">13</subfield>
    <subfield code="p">N262</subfield>
    <subfield code="r">2025-03-11 00:00:00</subfield>
    <subfield code="s">2025-02-25</subfield>
    <subfield code="v">596.25</subfield>
    <subfield code="w">2020-11-18</subfield>
    <subfield code="y">BK</subfield>
  </datafield>
</record>
